| 000 | 01067cam a2200265 4500 | ||
|---|---|---|---|
| 008 | 090401t1997 xxu||||| |||| 00| 0 eng d | ||
| 020 | _a0728202794 | ||
| 035 | _a(Sirsi) u77728 | ||
| 041 | _aeng | ||
| 050 |
_a333.332094 _c18 |
||
| 110 |
_aTEGoVA _93466 |
||
| 245 | _aApproved European property valuation standards. | ||
| 250 | _a3rd ed. | ||
| 260 |
_aLondon _bEstates Gazette _c1997 |
||
| 300 |
_aix,116p. _c30cm. |
||
| 350 | _a60 | ||
| 520 | _aTEGOVA was formed following a merger of the European Group of Valuers of Fixed Assets and EUROVAL with associate membership from Central and Eastern European organisations. This is the third edition of the standards which are intended to establish common valuation standards representing the views of professional bodies throughout the European Union. | ||
| 520 | _aSuperseded by fourth edition (ISBN 0728203480). | ||
| 650 | _aEUROPEAN VALUATION STANDARDS | ||
| 650 | _aEUROPE | ||
| 690 | _aPROPERTY-PROPERTY APPRAISAL AND VALUATION | ||
| 700 | _aChampness, Peter | ||
| 942 | _n0 | ||
| 948 | _c15/04/1997 | ||
| 999 |
_c96347 _d96347 |
||